[Event "CAN-ch Amateur U2100"]
[Site "Kitchener CAN"]
[Date "2010.07.31"]
[Round "3"]
[White "Liu, Steven"]
[Black "Supsup, Ferdinand"]
[Result "1-0"]
[WhiteElo "1908"]
[BlackElo "1913"]
[PlyCount "95"]
[EventDate "2010.07.30"]
[EventType "swiss"]
[EventRounds "7"]
[EventCountry "CAN"]

1. Nf3 f5 2. d4 Nf6 3. c4 e6 4. e3 Be7 5. Nc3 O-O 6. Bd3 d6 7. Bd2 b6 8. O-O
Qe8 9. a3 Bb7 10. Be2 Qg6 11. Ne1 Nbd7 12. f4 c5 13. Nb5 Ne4 14. Bf3 a6 15. Nc3
Ndf6 16. Bc1 Nxc3 17. bxc3 Ne4 18. Bb2 Rfc8 19. d5 exd5 20. cxd5 Bf6 21. Bxe4
fxe4 22. Qb3 b5 23. c4 bxc4 24. Qxb7 Rcb8 25. Qc6 Bxb2 26. Rb1 Qf6 27. Rf2 c3
28. Nc2 Qd8 29. f5 Qf6 30. Qd7 Rd8 31. Rbf1 Rf8 32. Qe6+ Kh8 33. Qxe4 Rab8 34.
Qf4 Rb3 35. g3 Rfb8 36. Qa4 R3b6 37. Rf4 Qe5 38. f6 g6 39. Qd7 R6b7 40. Qe6
Bxa3 41. Nxa3 Rb3 42. Nc4 Qxe6 43. dxe6 c2 44. R4f2 Rc3 45. Rc1 Rb1 46. Rff1
Rxc1 47. Rxc1 Kg8 48. e7 1-0

[Event "CAN-ch Amateur U2100"]
[Site "Kitchener CAN"]
[Date "2010.07.31"]
[Round "3"]
[White "McGlynn, Danny"]
[Black "Bzikot, Robert"]
[Result "0-1"]
[WhiteElo "1886"]
[BlackElo "2004"]
[PlyCount "74"]
[EventDate "2010.07.30"]
[EventType "swiss"]
[EventRounds "7"]
[EventCountry "CAN"]

1. e4 d6 2. d4 Nf6 3. Nc3 g6 4. f4 Bg7 5. Nf3 c5 6. e5 Nfd7 7. dxc5 dxe5 8.
fxe5 Nxe5 9. Qxd8+ Kxd8 10. Be2 Nxf3+ 11. Bxf3 Bxc3+ 12. bxc3 e5 13. Bg5+ Kc7
14. O-O-O Re8 15. Rhe1 Nd7 16. Rd5 f6 17. Bh4 g5 18. Bg3 Nb8 19. Rd6 Be6 20.
Red1 Nd7 21. c6 Nc5 22. cxb7 Nxb7 23. Rc6+ Kb8 24. Bf2 f5 25. Bg3 f4 26. Bf2
Bf5 27. Rd5 g4 28. Rf6 gxf3 29. Rxf5 fxg2 30. Rdxe5 Rxe5 31. Rxe5 Kc7 32. Rf5
Re8 33. Rg5 f3 34. Rg7+ Kc6 35. Kb2 Re2 36. Bxa7 Nc5 37. Bb8 f2 0-1

[Event "CAN-ch Amateur U2100"]
[Site "Kitchener CAN"]
[Date "2010.07.31"]
[Round "3"]
[White "Mills, Matthew"]
[Black "Cunningham, Ross"]
[Result "0-1"]
[WhiteElo "1855"]
[BlackElo "1431"]
[PlyCount "78"]
[EventDate "2010.07.30"]
[EventType "swiss"]
[EventRounds "7"]
[EventCountry "CAN"]

1. g3 d5 2. Bg2 e5 3. d3 Nf6 4. Nd2 Bc5 5. e3 Bg4 6. Ne2 Nbd7 7. c4 c6 8. f3
Be6 9. cxd5 Nxd5 10. d4 Nxe3 11. Qa4 b5 12. Qa6 exd4 13. Nb3 Nc2+ 14. Kf1 d3
15. Nf4 Bc4 16. Bd2 Nxa1 17. Nxc5 Nxc5 18. Qxc6+ Nd7 19. Bb4 d2+ 20. Kf2 Qb6+
21. Qxb6 Nxb6 22. Rxa1 O-O-O 23. Rd1 g5 24. Ne2 Rhe8 25. Bf1 Bxa2 26. Rxd2 Rxd2
27. Bxd2 h6 28. Bh3+ Be6 29. g4 Bc4 30. Nd4 Nd5 31. b3 Bd3 32. Nf5 Re2+ 33. Kg1
Bxf5 34. gxf5 Rxd2 35. Bf1 Rd1 36. Kf2 a6 37. Be2 Rb1 38. Kg3 Rb2 39. Bd1 Nc3
0-1

[Event "CAN-ch Amateur U2100"]
[Site "Kitchener CAN"]
[Date "2010.07.31"]
[Round "3"]
[White "Moran, Richard"]
[Black "Hendon, Lee"]
[Result "1-0"]
[WhiteElo "1893"]
[BlackElo "1724"]
[PlyCount "67"]
[EventDate "2010.07.30"]
[EventType "swiss"]
[EventRounds "7"]
[EventCountry "CAN"]

1. d4 Nf6 2. Bg5 h6 3. Bxf6 exf6 4. e4 d5 5. exd5 Qxd5 6. Nf3 Bg4 7. Be2 Nc6 8.
O-O Be7 9. h3 Bh5 10. Nbd2 Rd8 11. c4 Qd7 12. d5 Nb8 13. Re1 c6 14. Nd4 Bg6 15.
Bf3 O-O 16. Nf1 Bb4 17. Re2 cxd5 18. cxd5 Rfe8 19. Ne3 Be4 20. Bg4 Qe7 21. Ndf5
Bxf5 22. Nxf5 Qc7 23. Rxe8+ Rxe8 24. Qa4 Re4 25. a3 b5 26. Qxb5 Ba5 27. d6 Qd8
28. Qd3 Qe8 29. Ne7+ Rxe7 30. dxe7 Qxe7 31. b4 Bb6 32. Rd1 Nc6 33. Qd2 Qe4 34.
Bf3 1-0

[Event "CAN-ch Amateur U2100"]
[Site "Kitchener CAN"]
[Date "2010.07.31"]
[Round "3"]
[White "Piccinin, Mario"]
[Black "Gashgarian, Robert"]
[Result "1-0"]
[WhiteElo "1768"]
[BlackElo "1942"]
[PlyCount "106"]
[EventDate "2010.07.30"]
[EventType "swiss"]
[EventRounds "7"]
[EventCountry "CAN"]

1. f4 c5 2. Nf3 Qc7 3. e3 Nc6 4. d4 e6 5. c3 Nf6 6. Bd3 d5 7. Ne5 Bd6 8. Nd2
Bd7 9. Qe2 O-O 10. h4 c4 11. Bc2 b5 12. g4 Rfb8 13. g5 Ne8 14. Bxh7+ Kf8 15.
Qh5 Bxe5 16. fxe5 Ke7 17. O-O Nd8 18. Bg8 f5 19. gxf6+ gxf6 20. Qh7+ Kf8 21. e4
Bc6 22. Rxf6+ Nxf6 23. Qxc7 Nxg8 24. exd5 Bxd5 25. Qh7 Rb7 26. Qh5 Rg7+ 27. Kf2
Nc6 28. Nf1 Rf7+ 29. Ke1 Bf3 30. Bh6+ Ke8 31. Qg6 Nce7 32. Qxe6 Bd5 33. Qa6 Rc8
34. Bg5 Rc7 35. Qxb5+ Bc6 36. Qb8+ Rc8 37. Qxa7 Nf5 38. Qa6 Nge7 39. Bxe7 Nxe7
40. Ne3 Rb8 41. Nxc4 Rh7 42. Nd6+ Kf8 43. Qf1+ Kg8 44. Nf5 Rxb2 45. Nxe7+ Rxe7
46. Qc4+ Rf7 47. Qxc6 Rff2 48. Qg6+ Kf8 49. Qf6+ Rxf6 50. exf6 Rc2 51. a4 Rxc3
52. a5 Rd3 53. a6 Rxd4 1-0

[Event "CAN-ch Amateur U2100"]
[Site "Kitchener CAN"]
[Date "2010.07.31"]
[Round "3"]
[White "Raats, Daniel"]
[Black "Cormier, Adam"]
[Result "1/2-1/2"]
[WhiteElo "2028"]
[BlackElo "1879"]
[PlyCount "126"]
[EventDate "2010.07.30"]
[EventType "swiss"]
[EventRounds "7"]
[EventCountry "CAN"]

1. d4 d5 2. c4 e6 3. Nc3 c6 4. cxd5 exd5 5. Bf4 Nf6 6. e3 Bf5 7. h3 Bd6 8. Bxd6
Qxd6 9. Nf3 O-O 10. Be2 h6 11. O-O Nbd7 12. a3 a5 13. Bd3 Bxd3 14. Qxd3 Rfe8
15. Nd2 Rad8 16. Rac1 b5 17. Ne2 Nb6 18. Qc3 Rc8 19. Qxa5 Nc4 20. Nxc4 bxc4 21.
Ng3 Ra8 22. Qc3 Reb8 23. Rc2 Rb3 24. Qd2 Nd7 25. e4 Rd3 26. Qc1 Nb6 27. e5 Qg6
28. Rd1 Na4 29. Rdd2 Rb8 30. Ne2 Rxd2 31. Qxd2 Qd3 32. Nc3 Qxd2 33. Rxd2 Nxb2
34. a4 Rb4 35. Na2 c3 36. Nxc3 Nxa4 37. Nxa4 Rxa4 38. g3 Kf8 39. Rd3 Ke7 40.
Kg2 Ke6 41. f4 h5 42. Kf3 Rc4 43. g4 hxg4+ 44. hxg4 g6 45. Kg3 c5 46. dxc5 Rxc5
47. Kh4 f6 48. exf6 Kxf6 49. Kg3 Ra5 50. Kf3 Rb5 51. Ke3 Ra5 52. Rb3 Ra6 53.
Rb4 Ra3+ 54. Kd4 Ra5 55. Rb6+ Kf7 56. Rd6 Ra4+ 57. Ke3 Ra3+ 58. Kf2 Rd3 59. g5
Rd4 60. Ke3 Re4+ 61. Kf3 Rd4 62. Rf6+ Kg7 63. Ke3 Re4+ 1/2-1/2

[Event "CAN-ch Amateur U2100"]
[Site "Kitchener CAN"]
[Date "2010.07.31"]
[Round "3"]
[White "Sakka, Louay"]
[Black "Song, Terry"]
[Result "1/2-1/2"]
[WhiteElo "1578"]
[BlackElo "1943"]
[PlyCount "118"]
[EventDate "2010.07.30"]
[EventType "swiss"]
[EventRounds "7"]
[EventCountry "CAN"]

1. d4 Nf6 2. c4 c5 3. d5 b5 4. b3 d6 5. Bg5 Nbd7 6. e3 g6 7. cxb5 Ne4 8. Nf3
Bg7 9. Nbd2 Nxg5 10. Nxg5 Bxa1 11. Qxa1 O-O 12. Bd3 Ne5 13. Bc2 e6 14. f4 Ng4
15. dxe6 Bxe6 16. Qc3 Qf6 17. Qxf6 Nxf6 18. O-O Bd7 19. a4 h6 20. Nge4 Nxe4 21.
Nxe4 Bf5 22. Nf6+ Kg7 23. Nh5+ gxh5 24. Bxf5 Rab8 25. Rd1 Rfd8 26. Rd5 a6 27.
bxa6 Rxb3 28. a7 Rb7 29. Rxd6 Ra8 30. Be4 Rbxa7 31. Bxa8 Rxa8 32. Rc6 Rxa4 33.
Rxc5 Kg6 34. Kf2 Re4 35. Kf3 f5 36. Rc6+ Kg7 37. h3 h4 38. Rc3 Kg6 39. g4 hxg3
40. Kxg3 Re6 41. Kf3 Re4 42. Rd3 Re6 43. Rd4 Ra6 44. e4 Ra3+ 45. Kg2 fxe4 46.
Rxe4 Kf5 47. Rb4 Ra8 48. Kg3 Ra3+ 49. Kh4 Rf3 50. Rc4 h5 51. Rb4 Rxf4+ 52.
Rxf4+ Kxf4 53. Kxh5 Kf5 54. Kh6 Kf6 55. h4 Kf7 56. Kh7 Kf8 57. h5 Kf7 58. h6
Kf8 59. Kg6 Kg8 1/2-1/2

[Event "CAN-ch Amateur U2100"]
[Site "Kitchener CAN"]
[Date "2010.07.31"]
[Round "3"]
[White "Wiebe, Daniel"]
[Black "Gillanders, Robert"]
[Result "0-1"]
[WhiteElo "1967"]
[BlackElo "1824"]
[PlyCount "88"]
[EventDate "2010.07.30"]
[EventType "swiss"]
[EventRounds "7"]
[EventCountry "CAN"]

1. e4 c5 2. Nf3 Nc6 3. d4 cxd4 4. Nxd4 Nf6 5. Nc3 e5 6. Ndb5 d6 7. Bg5 a6 8.
Na3 b5 9. Nd5 Be7 10. Nxe7 Nxe7 11. Bxf6 gxf6 12. Qd2 Bb7 13. c4 b4 14. Qxb4
Bxe4 15. Rd1 Nf5 16. Bd3 Bxd3 17. Rxd3 Nd4 18. Qc3 Qb6 19. Nc2 Nxc2+ 20. Qxc2
Qc6 21. O-O Rg8 22. f3 Rc8 23. Rfd1 Rd8 24. Rd5 Rg6 25. c5 Rc8 26. Qd3 Kf8 27.
cxd6 Qb6+ 28. Kf1 Qxb2 29. Rd2 Rc1+ 30. Kf2 Qb6+ 31. Qe3 Rxg2+ 32. Kxg2 Qxe3
33. Rf2 Qg5+ 34. Kh3 Qf5+ 35. Kg2 Qd7 36. Rb2 Kg7 37. Rdd2 e4 38. Rb4 exf3+ 39.
Kg3 Rg1+ 40. Kxf3 Qh3+ 41. Ke2 Qxh2+ 42. Ke3 Qe5+ 43. Kf2 Qg3+ 44. Ke2 Re1# 0-1

[Event "CAN-ch Amateur U2100"]
[Site "Kitchener CAN"]
[Date "2010.07.31"]
[Round "3"]
[White "Zhou, Kevin"]
[Black "Nicholson, Matthew"]
[Result "1/2-1/2"]
[WhiteElo "1862"]
[BlackElo "1982"]
[PlyCount "116"]
[EventDate "2010.07.30"]
[EventType "swiss"]
[EventRounds "7"]
[EventCountry "CAN"]

1. e4 e5 2. Nf3 Nc6 3. Bb5 Nf6 4. O-O Nxe4 5. d4 Nd6 6. Bxc6 dxc6 7. dxe5 Nf5
8. Qxd8+ Kxd8 9. Nc3 Bd7 10. Bg5+ Kc8 11. Rad1 h6 12. Bc1 b6 13. Ne2 Ne7 14. c4
c5 15. Rd2 Ng6 16. Rfd1 Be6 17. Rd8+ Kb7 18. Rxa8 Kxa8 19. Rd8+ Kb7 20. b3 Be7
21. Rxh8 Nxh8 22. Nf4 Bf5 23. Nd5 Ng6 24. Kf1 a5 25. Ke2 Kc6 26. Bb2 Be6 27.
Nxe7+ Nxe7 28. Ne1 Kd7 29. Nd3 g6 30. f3 h5 31. Ke3 Nc6 32. Bc3 a4 33. Nb2 axb3
34. axb3 Ke7 35. Nd3 Kd7 36. Nf2 Bf5 37. Ne4 Ke6 38. Ng5+ Ke7 39. Ne4 Nd8 40.
h4 Nc6 41. g3 Bc8 42. Ng5 Nd8 43. Ne4 Ne6 44. Bb2 Nf8 45. Ng5 Bf5 46. Ne4 Nd7
47. Bc3 Bxe4 48. Kxe4 Ke6 49. g4 c6 50. gxh5 gxh5 51. f4 b5 52. cxb5 cxb5 53.
f5+ Ke7 54. Kd5 c4 55. bxc4 Nb6+ 56. Kc6 Nxc4 57. Kxb5 Ne3 58. Bb4+ Kd7 1/2-1/2

[Event "CAN-ch Amateur U2100"]
[Site "Kitchener CAN"]
[Date "2010.08.01"]
[Round "4"]
[White "Becker, Paul"]
[Black "Both, Aaron"]
[Result "1-0"]
[WhiteElo "2035"]
[BlackElo "2009"]
[PlyCount "93"]
[EventDate "2010.07.30"]
[EventType "swiss"]
[EventRounds "7"]
[EventCountry "CAN"]

1. e4 c5 2. Nf3 g6 3. d4 cxd4 4. Nxd4 Bg7 5. Nc3 Nc6 6. Be3 Nf6 7. Nb3 O-O 8.
f3 d6 9. Qd2 Be6 10. O-O-O a5 11. a4 Rc8 12. Kb1 Nb4 13. Nd4 Qd7 14. Bb5 Qc7
15. Nxe6 fxe6 16. Bd4 e5 17. Be3 Rfd8 18. Qf2 Nd7 19. Nd5 Nxd5 20. exd5 Rf8 21.
Qd2 Nb6 22. b3 Rf7 23. Rc1 Nd7 24. Bxd7 Qxd7 25. Qxa5 Rff8 26. Qb4 Ra8 27. c3
b5 28. a5 Rfc8 29. Kb2 e6 30. Qg4 Rxa5 31. dxe6 Qc7 32. Qb4 Ra6 33. Ra1 Rc6 34.
Rhc1 d5 35. Ra7 Qd8 36. e7 Qe8 37. Qxb5 d4 38. Qd5+ Kh8 39. cxd4 Rxc1 40. Bxc1
exd4 41. Bf4 Qg8 42. Qxg8+ Kxg8 43. b4 Re8 44. b5 Kf7 45. Kc2 Rc8+ 46. Kd2 Ke8
47. b6 1-0

[Event "CAN-ch Amateur U2100"]
[Site "Kitchener CAN"]
[Date "2010.08.01"]
[Round "4"]
[White "Bzikot, Robert"]
[Black "Gillanders, Robert"]
[Result "0-1"]
[WhiteElo "2004"]
[BlackElo "1824"]
[PlyCount "100"]
[EventDate "2010.07.30"]
[EventType "swiss"]
[EventRounds "7"]
[EventCountry "CAN"]

1. e4 c5 2. Nf3 Nc6 3. d4 cxd4 4. Nxd4 Nf6 5. Nc3 e5 6. Ndb5 d6 7. Nd5 Nxd5 8.
exd5 Nb8 9. a4 a6 10. Na3 Be7 11. Be2 O-O 12. O-O Bf5 13. Nc4 Nd7 14. Be3 a5
15. Na3 Bg6 16. Nb5 f5 17. f4 e4 18. c4 Bf7 19. Qd2 g6 20. Rfd1 b6 21. Nd4 Nc5
22. Nc6 Qd7 23. Bxc5 bxc5 24. Nxa5 Bf6 25. Nc6 Rfe8 26. a5 e3 27. Qc2 g5 28.
fxg5 Bxg5 29. a6 Bg6 30. a7 Qg7 31. Bf3 f4 32. Qe2 Bf6 33. Rab1 Bxb1 34. Rxb1
Kh8 35. Bg4 Re4 36. Bf5 Rd4 37. Nxd4 Bxd4 38. Be4 Rxa7 39. b3 Re7 40. Bf3 Qg6
41. Rd1 Qf6 42. Kf1 Qh4 43. h3 Qg3 44. Kg1 Rg7 45. Rb1 Qxh3 46. b4 Qf5 47. Rb3
Ra7 48. b5 Ra1+ 49. Kh2 Qg5 50. g4 Qh4+ 0-1

[Event "CAN-ch Amateur U2100"]
[Site "Kitchener CAN"]
[Date "2010.08.01"]
[Round "4"]
[White "Cormier, Adam"]
[Black "Piccinin, Mario"]
[Result "1-0"]
[WhiteElo "1879"]
[BlackElo "1768"]
[PlyCount "87"]
[EventDate "2010.07.30"]
[EventType "swiss"]
[EventRounds "7"]
[EventCountry "CAN"]

1. d4 f5 2. c4 Nf6 3. Nf3 e6 4. Bf4 d5 5. e3 c6 6. Bd3 Be7 7. Nc3 Bd7 8. Qc2
Na6 9. a3 Nc7 10. h3 O-O 11. g4 Ne4 12. gxf5 exf5 13. Bxc7 Qxc7 14. cxd5 Nxc3
15. Qxc3 Rac8 16. Bc4 Kh8 17. Ne5 cxd5 18. Bxd5 Qxc3+ 19. bxc3 Bc6 20. Bxc6
bxc6 21. f4 Kg8 22. Kd2 c5 23. Kd3 Rfd8 24. c4 cxd4 25. exd4 g5 26. fxg5 Bd6
27. Nf3 Kf7 28. Rhe1 h6 29. gxh6 Rh8 30. Ng5+ Kg6 31. Re6+ Kxg5 32. Rxd6 Rxh6
33. Rg1+ Kh5 34. Rxh6+ Kxh6 35. d5 f4 36. Rg4 f3 37. Rf4 Rb8 38. Rxf3 Rb3+ 39.
Ke4 Rb1 40. d6 Rd1 41. Rd3 Re1+ 42. Kd5 Re8 43. c5 Kg6 44. Rf3 1-0

[Event "CAN-ch Amateur U2100"]
[Site "Kitchener CAN"]
[Date "2010.08.01"]
[Round "4"]
[White "Gashgarian, Robert"]
[Black "Sakka, Louay"]
[Result "1-0"]
[WhiteElo "1942"]
[BlackElo "1578"]
[PlyCount "77"]
[EventDate "2010.07.30"]
[EventType "swiss"]
[EventRounds "7"]
[EventCountry "CAN"]

1. d4 e6 2. c4 Nf6 3. Nc3 Bb4 4. e3 c5 5. Nge2 cxd4 6. exd4 b6 7. a3 Bxc3+ 8.
Nxc3 Bb7 9. Bg5 O-O 10. Qd3 h6 11. Bh4 Re8 12. f4 d5 13. c5 Ba6 14. Qf3 Bxf1
15. Rxf1 bxc5 16. dxc5 Nbd7 17. b4 a6 18. O-O-O Rb8 19. g4 Nxc5 20. bxc5 Qa5
21. Bxf6 Qxa3+ 22. Kd2 Rb2+ 23. Ke1 gxf6 24. Ne2 Qxc5 25. Rc1 Qa5+ 26. Kf2 Qa2
27. Rc7 Rb3 28. Rc3 Reb8 29. Rfc1 d4 30. Rxb3 Rxb3 31. Rc8+ Kg7 32. Qa8 Rf3+
33. Kxf3 Qb3+ 34. Kg2 Qd5+ 35. Qxd5 exd5 36. Nxd4 Kg6 37. Nf5 h5 38. h3 h4 39.
Rh8 1-0

[Event "CAN-ch Amateur U2100"]
[Site "Kitchener CAN"]
[Date "2010.08.01"]
[Round "4"]
[White "Gladstone, Simon"]
[Black "Brammall, Stuart"]
[Result "0-1"]
[WhiteElo "1968"]
[BlackElo "1838"]
[PlyCount "52"]
[EventDate "2010.07.30"]
[EventType "swiss"]
[EventRounds "7"]
[EventCountry "CAN"]

1. e4 d6 2. d4 Nf6 3. Nc3 Nbd7 4. Bc4 e5 5. Nf3 Be7 6. Bg5 c6 7. Qd2 O-O 8.
Bxf6 Bxf6 9. O-O-O b5 10. Bb3 a5 11. a4 bxa4 12. Nxa4 Qc7 13. dxe5 dxe5 14. Qd6
Qb7 15. Rd3 Qb5 16. Re1 Nb6 17. Nxb6 Qxb6 18. Nxe5 a4 19. Ba2 Ba6 20. Rf3 Rab8
21. b3 Rfd8 22. Nd7 Rxd7 23. Qxd7 Rd8 24. Qg4 Qd4 25. c3 Qd2+ 26. Kb1 a3 0-1

[Event "CAN-ch Amateur U2100"]
[Site "Kitchener CAN"]
[Date "2010.08.01"]
[Round "4"]
[White "Hendon, Lee"]
[Black "McGlynn, Danny"]
[Result "0-1"]
[WhiteElo "1724"]
[BlackElo "1886"]
[PlyCount "69"]
[EventDate "2010.07.30"]
[EventType "swiss"]
[EventRounds "7"]
[EventCountry "CAN"]

1. e4 c6 2. f4 d5 3. exd5 cxd5 4. Nf3 Nf6 5. Bb5+ Nc6 6. b3 Qb6 7. Bxc6+ bxc6
8. Bb2 Bf5 9. d3 e6 10. h3 Nh5 11. g4 Qe3+ 12. Qe2 Qxe2+ 13. Kxe2 Ng3+ 14. Ke1
Nxh1 15. gxf5 Ng3 16. fxe6 fxe6 17. Nc3 Nf5 18. Kf2 Bc5+ 19. d4 Nxd4 20. Nxd4
Bxd4+ 21. Kf3 Bf6 22. Re1 Kf7 23. Nd1 Rab8 24. Ba3 Rhd8 25. Ne3 a5 26. f5 e5
27. Ng4 e4+ 28. Kf4 Rb5 29. Ne5+ Bxe5+ 30. Kxe5 e3 31. Kf4 d4 32. Ke4 Rbd5 33.
Bb2 Re8+ 34. Kf4 e2 35. Kf3 0-1

[Event "CAN-ch Amateur U2100"]
[Site "Kitchener CAN"]
[Date "2010.08.01"]
[Round "4"]
[White "Jackson, Nicholas"]
[Black "Moran, Richard"]
[Result "1-0"]
[WhiteElo "1624"]
[BlackElo "1893"]
[PlyCount "59"]
[EventDate "2010.07.30"]
[EventType "swiss"]
[EventRounds "7"]
[EventCountry "CAN"]

1. e4 d6 2. d4 Nf6 3. Nc3 c6 4. Nf3 Bg4 5. Be2 e6 6. Be3 d5 7. Qd3 Bb4 8. exd5
exd5 9. O-O Bxf3 10. Bxf3 O-O 11. Bf4 Nbd7 12. a3 Be7 13. Rfe1 Re8 14. Re2 Nf8
15. Nd1 Ne6 16. Bd2 Bd6 17. g3 Qc7 18. Ne3 g6 19. Ng4 Nxg4 20. Bxg4 f5 21. Bf3
Qb6 22. Rae1 Kf7 23. Bc3 a5 24. Qd2 f4 25. Bg4 Ng7 26. Rxe8 Nxe8 27. Qe2 Ng7
28. Qf3 h5 29. Bh3 g5 30. Qd3 1-0

[Event "CAN-ch Amateur U2100"]
[Site "Kitchener CAN"]
[Date "2010.08.01"]
[Round "4"]
[White "Knechtel, Tim"]
[Black "Liu, Steven"]
[Result "0-1"]
[WhiteElo "1761"]
[BlackElo "1908"]
[PlyCount "134"]
[EventDate "2010.07.30"]
[EventType "swiss"]
[EventRounds "7"]
[EventCountry "CAN"]

1. d3 d5 2. Nf3 Nc6 3. Nbd2 e5 4. e4 Nge7 5. Be2 f6 6. h3 Be6 7. c3 dxe4 8.
dxe4 Qd7 9. b4 Ng6 10. Qc2 a6 11. Nb3 Be7 12. Be3 Rd8 13. Nc5 Bxc5 14. Bxc5 Kf7
15. Be3 Nce7 16. Rd1 Qc6 17. O-O Nc8 18. Nd2 Nd6 19. a4 b5 20. a5 Bc4 21. Bxc4+
Nxc4 22. Nb3 Nd6 23. Nc5 Ne7 24. g3 Nc4 25. Bc1 Rd6 26. Rd3 Rhd8 27. Rfd1 Nxa5
28. Nxa6 Qxa6 29. bxa5 Rxd3 30. Rxd3 Rxd3 31. Qxd3 Qxa5 32. Be3 Qa4 33. Qd7
Qa1+ 34. Kh2 Qxc3 35. Qxb5 Qc6 36. Qb3+ Qe6 37. Qb8 c6 38. Bc5 Ng8 39. Qc7+ Kg6
40. Bd6 Qc4 41. Qc8 Nh6 42. Qe8+ Nf7 43. h4 h5 44. Bf8 Qxe4 45. Qe6 Qf3 46. Bc5
Qd5 47. Qe7 Kh7 48. Qf8 Nh6 49. Qe7 Nf5 50. Qf8 Nd4 51. Bxd4 exd4 52. Qe8 d3
53. Qe1 d2 54. Qd1 c5 55. Kg1 c4 56. Kf1 Qh1+ 57. Ke2 Qxd1+ 58. Kxd1 c3 59. f3
g5 60. Kc2 Kg6 61. Kd1 g4 62. fxg4 hxg4 63. Kc2 f5 64. Kd1 f4 65. gxf4 g3 66.
Ke2 g2 67. h5+ Kxh5 0-1

[Event "CAN-ch Amateur U2100"]
[Site "Kitchener CAN"]
[Date "2010.08.01"]
[Round "4"]
[White "Nicholson, Matthew"]
[Black "Raats, Daniel"]
[Result "1-0"]
[WhiteElo "1982"]
[BlackElo "2028"]
[PlyCount "47"]
[EventDate "2010.07.30"]
[EventType "swiss"]
[EventRounds "7"]
[EventCountry "CAN"]

1. e4 e6 2. d4 d5 3. Nc3 Nf6 4. e5 Nfd7 5. f4 c5 6. Nf3 Nc6 7. Be3 Be7 8. Qd2
O-O 9. O-O-O c4 10. Ne2 b5 11. Ng3 b4 12. h4 Qa5 13. Kb1 c3 14. Qf2 cxb2 15. f5
Nb6 16. f6 Na4 17. Bd2 Nc3+ 18. Bxc3 bxc3 19. Ne2 gxf6 20. Qe3 Ba6 21. Qh6 Bxe2
22. Ng5 fxg5 23. hxg5 Bd3 24. Bxd3 1-0

[Event "CAN-ch Amateur U2100"]
[Site "Kitchener CAN"]
[Date "2010.07.31"]
[Round "4"]
[White "Siddeley, Hugh"]
[Black "Leu, Richard"]
[Result "1/2-1/2"]
[WhiteElo "2051"]
[BlackElo "2005"]
[PlyCount "96"]
[EventDate "2010.07.30"]
[EventType "swiss"]
[EventRounds "7"]
[EventCountry "CAN"]

1. e4 c5 2. Nf3 d6 3. d4 cxd4 4. Nxd4 Nf6 5. f3 a6 6. c4 e6 7. Nc3 Be7 8. Be2
Nbd7 9. O-O Qc7 10. Be3 b6 11. Qd2 Bb7 12. Rfd1 O-O 13. Kh1 Rac8 14. Rac1 Qb8
15. Bf1 Rfd8 16. Qf2 Ba8 17. a3 Ne5 18. Na4 Ned7 19. b4 Bf8 20. Nb3 Rc6 21. Rb1
Rdc8 22. Rd2 h6 23. b5 axb5 24. cxb5 R6c7 25. Nxb6 Nxb6 26. Bxb6 Rd7 27. a4 d5
28. e5 Qxe5 29. Bd4 Qh5 30. g4 Qg6 31. Bd3 Ne4 32. Qe3 e5 33. Bxe5 d4 34. Bxd4
Re8 35. fxe4 Rxe4 36. Bxe4 Bxe4+ 37. Kg1 Bxb1 38. h3 Bc2 39. Be5 Rxd2 40. Nxd2
Bxa4 41. b6 Qc6 42. Kh2 Bc5 43. Bd4 Qd6+ 44. Be5 Qxb6 45. Qc3 Bg1+ 46. Kh1 Bc6+
47. Nf3 Bxf3+ 48. Qxf3 Bc5 1/2-1/2

[Event "CAN-ch Amateur U2100"]
[Site "Kitchener CAN"]
[Date "2010.08.01"]
[Round "4"]
[White "Song, Terry"]
[Black "Cunningham, Ross"]
[Result "1/2-1/2"]
[WhiteElo "1943"]
[BlackElo "1855"]
[PlyCount "97"]
[EventDate "2010.07.30"]
[EventType "swiss"]
[EventRounds "7"]
[EventCountry "CAN"]

1. d4 d5 2. Nf3 Nf6 3. Bf4 Bf5 4. e3 Nbd7 5. h3 e6 6. c4 c5 7. Nc3 a6 8. cxd5
exd5 9. Bd3 Bxd3 10. Qxd3 cxd4 11. Nxd4 Be7 12. O-O O-O 13. Rfd1 Nc5 14. Qe2
Qd7 15. Rac1 Rac8 16. a3 Rfd8 17. b4 Nce4 18. Nxe4 dxe4 19. Kh2 Nd5 20. Rxc8
Rxc8 21. Nb3 Qe6 22. Qg4 Nxf4 23. exf4 Qxg4 24. hxg4 Rc3 25. Rd7 Rxb3 26. Rxe7
g6 27. Rxb7 Rxa3 28. b5 axb5 29. Rxb5 Ra2 30. Re5 Rxf2 31. Rxe4 Kg7 32. Kg3 Rc2
33. Re3 h6 34. Kf3 Rc4 35. g3 Kf6 36. Rd3 Ke6 37. Rd2 Rc3+ 38. Kf2 Rb3 39. Re2+
Kf6 40. Rc2 Rb6 41. Rc7 Rb2+ 42. Kg1 Kg7 43. f5 Rb4 44. fxg6 Kxg6 45. Kg2 Rxg4
46. Kf3 h5 47. Rc8 f5 48. Rg8+ Kf7 49. Rh8 1/2-1/2

[Event "CAN-ch Amateur U2100"]
[Site "Kitchener CAN"]
[Date "2010.08.01"]
[Round "4"]
[White "Supsup, Ferdinand"]
[Black "Lai, Jonathan"]
[Result "1/2-1/2"]
[WhiteElo "1913"]
[BlackElo "1768"]
[PlyCount "104"]
[EventDate "2010.07.30"]
[EventType "swiss"]
[EventRounds "7"]
[EventCountry "CAN"]

1. d4 Nf6 2. Nf3 e6 3. Bf4 c5 4. e3 cxd4 5. exd4 Be7 6. Bd3 O-O 7. Nbd2 d6 8.
h4 Re8 9. Ng5 h6 10. c3 e5 11. Bc4 d5 12. dxe5 dxc4 13. exf6 Bxf6+ 14. Kf1 Bf5
15. Ngf3 Nc6 16. Kg1 Bd3 17. Be3 Ne7 18. Qa4 Qc7 19. Ne1 Nf5 20. Nxd3 cxd3 21.
Rh3 Nxe3 22. Rxe3 Rxe3 23. fxe3 Qb6 24. Nc4 Qc5 25. Qb4 Qxb4 26. cxb4 b5 27.
Nd6 Bxb2 28. Rd1 Rd8 29. Nxb5 a6 30. Nc7 Rd6 31. b5 axb5 32. Nxb5 Rd8 33. Rd2
Bc1 34. Rd1 Bxe3+ 35. Kf1 f5 36. a4 d2 37. Ke2 f4 38. Ra1 Rc8 39. Rd1 g5 40.
hxg5 hxg5 41. Nd6 Rd8 42. Nf5 Re8 43. Nxe3 Rxe3+ 44. Kxd2 Rg3 45. Rg1 Kg7 46.
Ke2 Ra3 47. Kf2 Rxa4 48. g3 Ra2+ 49. Kf3 Ra3+ 50. Kg4 Rxg3+ 51. Rxg3 fxg3 52.
Kxg3 Kg6 1/2-1/2

[Event "CAN-ch Amateur U2100"]
[Site "Kitchener CAN"]
[Date "2010.08.01"]
[Round "4"]
[White "Zhou, Kevin"]
[Black "Fu, James"]
[Result "0-1"]
[WhiteElo "1862"]
[BlackElo "2023"]
[PlyCount "50"]
[EventDate "2010.07.30"]
[EventType "swiss"]
[EventRounds "7"]
[EventCountry "CAN"]

1. e4 Nc6 2. d4 e5 3. dxe5 Nxe5 4. Nf3 Ng6 5. Nc3 Nf6 6. Bd3 Bc5 7. O-O d6 8.
h3 O-O 9. Re1 Nd7 10. Na4 Bb6 11. Nxb6 axb6 12. Bd2 Nde5 13. Nxe5 dxe5 14. a4
Be6 15. a5 bxa5 16. Bxa5 Nf4 17. Bc3 Rxa1 18. Qxa1 Qg5 19. g3 Nxh3+ 20. Kf1 Qf6
21. f4 Qg6 22. Bxe5 Qxg3 23. Ke2 Qf2+ 24. Kd1 Bg4+ 25. Be2 Rd8+ 0-1

[Event "CAN-ch Amateur U2100"]
[Site "Kitchener CAN"]
[Date "2010.08.01"]
[Round "5"]
[White "Brammall, Stuart"]
[Black "Both, Aaron"]
[Result "0-1"]
[WhiteElo "1838"]
[BlackElo "2009"]
[PlyCount "58"]
[EventDate "2010.07.30"]
[EventType "swiss"]
[EventRounds "7"]
[EventCountry "CAN"]

1. e4 c5 2. Nf3 g6 3. g3 Bg7 4. Bg2 Nc6 5. O-O e6 6. d3 Nge7 7. Re1 O-O 8. c3
b5 9. Bf4 d5 10. e5 d4 11. Bg5 Rb8 12. Qe2 h6 13. Bf4 Bb7 14. g4 Qd7 15. Nbd2
Nd5 16. Bg3 dxc3 17. Ne4 Nd4 18. Nxd4 cxd4 19. g5 cxb2 20. Qxb2 Nc3 21. Nf6+
Bxf6 22. gxf6 Bxg2 23. Qd2 Kh7 24. Kxg2 Qd5+ 25. Kh3 b4 26. Rg1 Qf3 27. Rae1 g5
28. Re4 Nxe4 29. dxe4 Kg6 0-1

[Event "CAN-ch Amateur U2100"]
[Site "Kitchener CAN"]
[Date "2010.08.01"]
[Round "5"]
[White "Cormier, Adam"]
[Black "Siddeley, Hugh"]
[Result "1-0"]
[WhiteElo "1879"]
[BlackElo "2051"]
[PlyCount "51"]
[EventDate "2010.07.30"]
[EventType "swiss"]
[EventRounds "7"]
[EventCountry "CAN"]

1. d4 Nf6 2. c4 c5 3. d5 b5 4. cxb5 a6 5. bxa6 g6 6. Nc3 Bxa6 7. e4 Bxf1 8.
Kxf1 d6 9. g3 Bg7 10. Kg2 O-O 11. Nf3 Nbd7 12. b3 Ra6 13. Qe2 Qa8 14. Bg5 h6
15. Bxf6 Bxf6 16. Qd2 Bg7 17. h4 Rb8 18. h5 Qb7 19. Rab1 Qb4 20. hxg6 fxg6 21.
a3 Qxb3 22. Rxh6 Bxc3 23. Qg5 Nf8 24. Rxg6+ Nxg6 25. Qxg6+ Bg7 26. Ng5 1-0